Exploration of heat transfer problems involving Newtonian and non-Newtonian flows over isothermal and non-isothermal boundaries/ (Record no. 615741)

000 -LEADER
fixed length control field 00580nam a22001577a 4500
003 - CONTROL NUMBER IDENTIFIER
control field NUST
038 ## - RECORD CONTENT LICENSOR
Staff Name Nusrat Nadeem
082 ## - DEWEY DECIMAL CLASSIFICATION NUMBER
Classification number 200
100 ## - MAIN ENTRY--PERSONAL NAME
Personal name Akbar, Saddam Sultan
245 ## - TITLE STATEMENT
Title Exploration of heat transfer problems involving Newtonian and non-Newtonian flows over isothermal and non-isothermal boundaries/
Statement of responsibility, etc. Saddam Sultan Akbar,
264 ## - PRODUCTION, PUBLICATION, DISTRIBUTION, MANUFACTURE, AND COPYRIGHT NOTICE
Place of production, publication, distribution, manufacture Islamabad:
Name of producer, publisher, distributor, manufacturer NBS NUST.
Date of production, publication, distribution, manufacture, or copyright notice 2025.
650 ## - SUBJECT ADDED ENTRY--TOPICAL TERM
Topical term or geographic name entry element PhD-Mathematics
700 ## - ADDED ENTRY--PERSONAL NAME
Personal name Supervisor: Prof. Meraj Mustafa Hashmi
856 ## - ELECTRONIC LOCATION AND ACCESS
Uniform Resource Identifier <a href=" http://10.250.8.41:8080/xmlui/handle/123456789/55447"> http://10.250.8.41:8080/xmlui/handle/123456789/55447</a>
942 ## - ADDED ENTRY ELEMENTS (KOHA)
Source of classification or shelving scheme
Koha item type Soft Copy
Holdings
Withdrawn status Permanent Location Current Location Shelving location Date acquired Full call number Barcode Koha item type
  Central Library (CL) Central Library (CL) Thesis 01/01/2026 200 CLPT-783 Soft Copy
© 2023 Central Library, National University of Sciences and Technology. All Rights Reserved.